| 000 | 01450cam a2200337 a 4500 | ||
|---|---|---|---|
| 001 | 15060264 | ||
| 005 | 20160424155535.0 | ||
| 008 | 071026s2008 enka b 001 0 eng | ||
| 010 | _a 2007044430 | ||
| 015 |
_aGBA819736 _2bnb |
||
| 016 | 7 |
_a014524511 _2Uk |
|
| 020 | _a9780521714150 (pbk.) | ||
| 035 | _a(OCoLC)ocn180574767 | ||
| 035 | _a(OCoLC)180574767 | ||
| 040 |
_aDLC _cDLC _dYDXCP _dBTCTA _dBAKER _dUKM _dC#P _dBWX _dDLC |
||
| 043 | _aa-cc--- | ||
| 050 | 0 | 0 |
_aDS779.27 _b.D46 2008 |
| 082 | 0 | 0 |
_a327.51 _222 _bDEN |
| 100 | 1 |
_aDeng, Yong, _d1966- _99338 |
|
| 245 | 1 | 0 |
_aChina's Struggle for Status : _bthe Realignment of International Relations / _cYong Deng. |
| 260 |
_aCambridge [England] ; _aNew York : _bCambridge University Press, _c2008. |
||
| 300 |
_axii, 300 : _bill. ; _c24 cm. |
||
| 504 | _aIncludes bibliographical references and index. | ||
| 651 | 0 |
_aChina _xInternational status. _99340 |
|
| 651 | 0 |
_99339 _aChina _xForeign relations _y1976- |
|
| 856 | 4 | 2 |
_3Publisher description _uhttp://www.loc.gov/catdir/enhancements/fy0805/2007044430-d.html |
| 856 | 4 | 1 |
_3Table of contents only _uhttp://www.loc.gov/catdir/enhancements/fy0805/2007044430-t.html |
| 856 | 4 | 2 |
_3Contributor biographical information _uhttp://www.loc.gov/catdir/enhancements/fy0805/2007044430-b.html |
| 942 |
_2ddc _cBB |
||
| 999 |
_c12904 _d12904 |
||